Weezer Lyrics - Statistics

General Stats
  • This quiz has been taken 446 times
  • The average score is 5 of 15
Answer Stats
Hint Answer % Correct
Watch me unravel, I'll soon be naked. Lying on the floor, lying on the floor, I've come undone. Undone (The Sweater Song)
98%
When you're on a golden sea, you don't need no memories. Just a place to call your own, as we drift into the zone. Island in the Sun
61%
You walk up to her, ask her to dance. She says "Hey baby, I just might take the chance" Only in Dreams
45%
Get your hands off the girl, can't you see that she belongs to me? And I don't appreciate this excess company. Perfect Situation
39%
I'm sorry, here I go. I know I'm a sinner but I can't say no. Tired of Sex
35%
Pissing in plastic cups before we went on stage. Playing hacky sack back when Audioslave was still Rage. Memories
33%
Back at Wilson High, I had two best friends, til the school bus came and took my friends away. Mykel and Carli
29%
Sometimes I wanna live in a house, with a wood stove and a fireplace. And in the middle of the living room, an old piano. Longtime Sunshine
24%
For the times that you wanna go and bust rhymes real slow, I'll appear, slap you on the face and enjoy the show. Dope Nose
23%
My IQ is 20 points low, and I'm no six foot hot-look All-American man. Sad to say, I pushed you away, waiting for Mrs. Right. Devotion
19%
When will stupid learn? Fire's gonna burn, think of consequence, then you move when it's your turn. Haunt You Every Day
14%
I'm like a mage with the magic spell, you come like a dog when I ring your bell. I got the money and I got the fame, you got the hots to ride on my plane. The Greatest Man that Ever Lived (Variations on a Shaker Hymn)
13%
Where, oh where does he come from? I'll bet he lives close by. I bet he's just a friend. Waiting on You
13%
It's cold outside, is there someone there tonight? It's cold outside, won't you let me come inside and make it right? Put Me Back Together
6%
Sunshine is falling over my head. Turtle doves are calling, "good morning friend". The Prettiest Girl in the Whole Wide World
3%
No matching quizzes found
Score Distribution
Percent of People with Each Score
Percentile by Number Answered
Your Score History
You have not taken this quiz